[Event "gorzyce wielkie"]
[Site "?"]
[Date "2020.02.08"]
[Round "3.10"]
[White "Olejniczak, Romuald"]
[Black "Czerwinska, Milena"]
[Result "0-1"]
[BlackElo "1834"]
[WhiteElo "1426"]
[LiveChessVersion "1.4.8"]

1. e4 {[%clk 0:03:03]} c5 {[%clk 0:03:02]} 2. c3 {[%clk 0:03:00]} d5
{[%clk 0:03:01]} 3. exd5 {[%clk 0:03:00]} Qxd5 {[%clk 0:03:02]} 4. d3
{[%clk 0:03:01]} Nf6 {[%clk 0:02:55]} 5. Nf3 {[%clk 0:03:01]} e5 {[%clk 0:02:42]}
6. Be2 {[%clk 0:03:00]} Be7 {[%clk 0:02:41]} 7. O-O {[%clk 0:03:00]} O-O
{[%clk 0:02:41]} 8. Be3 {[%clk 0:02:56]} Nc6 {[%clk 0:02:33]} 9. d4
{[%clk 0:02:46]} cxd4 {[%clk 0:02:15]} 10. cxd4 {[%clk 0:02:44]} e4
{[%clk 0:01:58]} 11. Nc3 {[%clk 0:02:14]} Qd8 {[%clk 0:01:46]} 12. Ne5
{[%clk 0:01:57]} Nb4 {[%clk 0:01:32]} 13. a3 {[%clk 0:01:53]} Nbd5
{[%clk 0:01:32]} 14. Qb3 {[%clk 0:01:21]} Qb6 {[%clk 0:01:03]} 15. Qxb6
{[%clk 0:01:12]} Nxb6 {[%clk 0:00:54]} 16. Bg5 {[%clk 0:01:11]} Bf5
{[%clk 0:00:49]} 17. Rfe1 {[%clk 0:00:50]} Rfd8 {[%clk 0:00:50]} 18. Be3
{[%clk 0:00:45]} Nbd5 {[%clk 0:00:46]} 19. Bc4 {[%clk 0:00:41]} Rac8
{[%clk 0:00:38]} 20. Ba2 {[%clk 0:00:38]} Bg6 {[%clk 0:00:25]} 21. Nxg6
{[%clk 0:00:33]} hxg6 {[%clk 0:00:25]} 22. Rac1 {[%clk 0:00:17]} Rc6
{[%clk 0:00:16]} 23. g3 {[%clk 0:00:12]} Nxe3 {[%clk 0:00:09]} 24. fxe3
{[%clk 0:00:12]} Rdc8 {[%clk 0:00:10]} 25. Rcd1 {[%clk 0:00:10]} a6
{[%clk 0:00:10]} 26. d5 {[%clk 0:00:10]} Rd6 {[%clk 0:00:10]} 27. Rd2
{[%clk 0:00:07]} 0-1

[Event "gorzyce wielkie"]
[Site "?"]
[Date "2020.02.08"]
[Round "4.1"]
[White "Maciejczak, Jakub"]
[Black "Piekielny, Pawel"]
[Result "1-0"]
[BlackElo "1773"]
[WhiteElo "2313"]
[LiveChessVersion "1.4.8"]

1. e4 {[%clk 0:03:02]} e6 {[%clk 0:03:04]} 2. d4 {[%clk 0:03:03]} d5
{[%clk 0:03:05]} 3. Nc3 {[%clk 0:03:04]} Nf6 {[%clk 0:03:05]} 4. e5
{[%clk 0:03:04]} Nfd7 {[%clk 0:03:06]} 5. f4 {[%clk 0:03:05]} c5 {[%clk 0:03:07]}
6. Nf3 {[%clk 0:03:05]} Qb6 {[%clk 0:03:08]} 7. a3 {[%clk 0:02:22]} Nc6
{[%clk 0:03:09]} 8. dxc5 {[%clk 0:02:11]} Bxc5 {[%clk 0:02:37]} 9. Bd3
{[%clk 0:02:10]} Be7 {[%clk 0:02:16]} 10. Qe2 {[%clk 0:01:55]} Nc5
{[%clk 0:02:17]} 11. b4 {[%clk 0:01:26]} Nxd3+ {[%clk 0:02:18]} 12. Qxd3
{[%clk 0:01:25]} Bd7 {[%clk 0:01:47]} 13. Be3 {[%clk 0:01:24]} Qd8
{[%clk 0:01:42]} 14. O-O {[%clk 0:01:17]} g6 {[%clk 0:01:39]} 15. Nb5
{[%clk 0:01:01]} O-O {[%clk 0:01:05]} 16. c4 {[%clk 0:00:57]} a6 {[%clk 0:00:40]}
17. Nd6 {[%clk 0:00:56]} Bxd6 {[%clk 0:00:37]} 18. exd6 {[%clk 0:00:56]} dxc4
{[%clk 0:00:36]} 19. Qxc4 {[%clk 0:00:56]} Rc8 {[%clk 0:00:26]} 20. Qb3
{[%clk 0:00:50]} f6 {[%clk 0:00:22]} 21. Rfd1 {[%clk 0:00:42]} Qe8
{[%clk 0:00:23]} 22. Rac1 {[%clk 0:00:39]} Qf7 {[%clk 0:00:24]} 23. Qb2
{[%clk 0:00:20]} Rfe8 {[%clk 0:00:20]} 24. a4 {[%clk 0:00:21]} e5
{[%clk 0:00:13]} 25. b5 {[%clk 0:00:21]} axb5 {[%clk 0:00:12]} 26. axb5
{[%clk 0:00:22]} Nd8 {[%clk 0:00:05]} 27. Rxc8 {[%clk 0:00:22]} Bxc8
{[%clk 0:00:06]} 28. fxe5 {[%clk 0:00:22]} fxe5 {[%clk 0:00:05]} 29. Nxe5
{[%clk 0:00:22]} Qe6 {[%clk 0:00:05]} 30. Bf4 {[%clk 0:00:07]} Bd7
{[%clk 0:00:04]} 31. h3 {[%clk 0:00:08]} Nf7 {[%clk 0:00:06]} 32. Ng4
{[%clk 0:00:08]} Qf5 {[%clk 0:00:04]} 33. Nf6+ {[%clk 0:00:08]} Kf8
{[%clk 0:00:06]} 34. Nxh7+ {[%clk 0:00:06]} Kg8 {[%clk 0:00:07]} 35. Nf6+
{[%clk 0:00:07]} Kf8 {[%clk 0:00:08]} 36. Nxe8 {[%clk 0:00:07]} Kxe8
{[%clk 0:00:09]} 37. Re1+ {[%clk 0:00:08]} Kf8 {[%clk 0:00:10]} 38. Rf1
{[%clk 0:00:08]} Qc5+ {[%clk 0:00:09]} 39. Kh2 {[%clk 0:00:07]} Bxb5
{[%clk 0:00:10]} 40. Bh6+ {[%clk 0:00:08]} Ke8 {[%clk 0:00:11]} 41. Re1+
{[%clk 0:00:06]} Kd8 {[%clk 0:00:11]} 42. Qf6+ {[%clk 0:00:06]} Kc8
{[%clk 0:00:11]} 43. Qxf7 {[%clk 0:00:07]} Qxd6+ {[%clk 0:00:12]} 44. Bf4
{[%clk 0:00:07]} Qb4 {[%clk 0:00:06]} 45. Qc7# 1-0

[Event "gorzyce wielkie"]
[Site "?"]
[Date "2020.02.08"]
[Round "4.2"]
[White "Malecki, Eugeniusz"]
[Black "Sobczak, Miroslaw"]
[Result "1-0"]
[BlackElo "1886"]
[WhiteElo "1729"]
[LiveChessVersion "1.4.8"]

1. e4 {[%clk 0:03:02]} Nc6 {[%clk 0:03:03]} 2. d3 {[%clk 0:03:02]} d5
{[%clk 0:03:04]} 3. exd5 {[%clk 0:03:01]} Qxd5 {[%clk 0:03:05]} 4. Nc3
{[%clk 0:03:00]} Qa5 {[%clk 0:02:57]} 5. Bd2 {[%clk 0:03:00]} Nf6
{[%clk 0:02:56]} 6. Nf3 {[%clk 0:02:59]} Bg4 {[%clk 0:02:57]} 7. Be2
{[%clk 0:03:00]} O-O-O {[%clk 0:02:54]} 8. O-O {[%clk 0:03:00]} e5
{[%clk 0:02:55]} 9. Ne4 {[%clk 0:02:45]} Qd5 {[%clk 0:02:55]} 10. Nc3
{[%clk 0:02:14]} Qd7 {[%clk 0:02:53]} 11. Bg5 {[%clk 0:01:59]} h6
{[%clk 0:02:46]} 12. Bxf6 {[%clk 0:01:59]} gxf6 {[%clk 0:02:46]} 13. Ne4
{[%clk 0:01:59]} Be7 {[%clk 0:02:47]} 14. Nfd2 {[%clk 0:01:55]} Be6
{[%clk 0:02:43]} 15. Nc3 {[%clk 0:01:49]} Rhg8 {[%clk 0:02:43]} 16. Bf3
{[%clk 0:01:48]} Nd4 {[%clk 0:02:42]} 17. Nb3 {[%clk 0:01:43]} Nxf3+
{[%clk 0:02:05]} 18. Qxf3 {[%clk 0:01:44]} Bg4 {[%clk 0:02:06]} 19. Qe3
{[%clk 0:01:38]} Kb8 {[%clk 0:02:06]} 20. a4 {[%clk 0:01:32]} a6 {[%clk 0:01:53]}
21. Ne4 {[%clk 0:01:26]} Qc6 {[%clk 0:01:51]} 22. c3 {[%clk 0:01:04]} f5
{[%clk 0:01:52]} 23. Nec5 {[%clk 0:01:03]} f4 {[%clk 0:01:51]} 24. Qe4
{[%clk 0:01:01]} Rd5 {[%clk 0:01:29]} 25. d4 {[%clk 0:00:57]} f5 {[%clk 0:01:29]}
26. Qc2 {[%clk 0:00:53]} Bxc5 {[%clk 0:01:19]} 27. Nxc5 {[%clk 0:00:53]} exd4
{[%clk 0:01:19]} 28. cxd4 {[%clk 0:00:54]} Rxd4 {[%clk 0:01:19]} 29. Rfc1
{[%clk 0:00:48]} Bd1 {[%clk 0:01:18]} 30. Nxa6+ {[%clk 0:00:32]} Qxa6
{[%clk 0:01:18]} 31. Rxd1 {[%clk 0:00:32]} Rxd1+ {[%clk 0:01:00]} 32. Rxd1
{[%clk 0:00:33]} Qg6 {[%clk 0:01:01]} 33. g3 {[%clk 0:00:32]} fxg3
{[%clk 0:01:02]} 34. fxg3 {[%clk 0:00:32]} f4 {[%clk 0:01:03]} 35. Qxg6
{[%clk 0:00:29]} Rxg6 {[%clk 0:01:05]} 36. Kg2 {[%clk 0:00:28]} fxg3
{[%clk 0:01:05]} 37. hxg3 {[%clk 0:00:29]} Ka7 {[%clk 0:01:06]} 38. Rd4
{[%clk 0:00:27]} Kb6 {[%clk 0:01:04]} 39. b4 {[%clk 0:00:28]} c5 {[%clk 0:01:04]}
40. bxc5+ {[%clk 0:00:26]} Kxc5 {[%clk 0:01:05]} 41. Rf4 {[%clk 0:00:26]} Ra6
{[%clk 0:01:05]} 42. Rf5+ {[%clk 0:00:26]} Kb4 {[%clk 0:01:03]} 43. Rf4+
{[%clk 0:00:27]} Ka3 {[%clk 0:01:04]} 44. Rh4 {[%clk 0:00:28]} Rb6
{[%clk 0:00:58]} 45. Kf3 {[%clk 0:00:25]} Rb3+ {[%clk 0:00:55]} 46. Kg2
{[%clk 0:00:26]} Rb6 {[%clk 0:00:45]} 47. Kh3 {[%clk 0:00:25]} Kb3
{[%clk 0:00:30]} 48. Kg2 {[%clk 0:00:26]} Ra6 {[%clk 0:00:30]} 49. Kh3
{[%clk 0:00:27]} Rxa4 {[%clk 0:00:26]} 50. Rxh6 {[%clk 0:00:27]} b5
{[%clk 0:00:27]} 51. g4 {[%clk 0:00:28]} Ra1 {[%clk 0:00:26]} 52. g5
{[%clk 0:00:25]} b4 {[%clk 0:00:27]} 53. Kg4 {[%clk 0:00:25]} Kb2
{[%clk 0:00:26]} 54. g6 {[%clk 0:00:25]} b3 {[%clk 0:00:27]} 55. Rh2+
{[%clk 0:00:24]} Kc3 {[%clk 0:00:26]} 56. Rh3+ {[%clk 0:00:24]} Kc4
{[%clk 0:00:26]} 57. g7 {[%clk 0:00:24]} Rg1+ {[%clk 0:00:25]} 58. Rg3 1-0

[Event "gorzyce wielkie"]
[Site "?"]
[Date "2020.02.08"]
[Round "4.3"]
[White "Grzesiek, Karol"]
[Black "Wronka, Arkadiusz"]
[Result "1-0"]
[BlackElo "1609"]
[WhiteElo "1815"]
[LiveChessVersion "1.4.8"]

1. e4 {[%clk 0:03:02]} c5 {[%clk 0:03:02]} 2. Nf3 {[%clk 0:03:02]} d6
{[%clk 0:03:03]} 3. b4 {[%clk 0:03:03]} cxb4 {[%clk 0:03:00]} 4. d4
{[%clk 0:03:04]} Bg4 {[%clk 0:02:55]} 5. Bd3 {[%clk 0:02:28]} Nc6
{[%clk 0:02:53]} 6. Bb2 {[%clk 0:02:27]} Qb6 {[%clk 0:02:47]} 7. Be2
{[%clk 0:02:12]} Nf6 {[%clk 0:02:29]} 8. Qd3 {[%clk 0:02:04]} Rc8
{[%clk 0:02:10]} 9. Nbd2 {[%clk 0:02:02]} g6 {[%clk 0:02:02]} 10. Nc4
{[%clk 0:02:01]} Qc7 {[%clk 0:01:46]} 11. Ne3 {[%clk 0:01:56]} Bxf3
{[%clk 0:01:33]} 12. Bxf3 {[%clk 0:01:56]} Bg7 {[%clk 0:01:26]} 13. O-O
{[%clk 0:01:55]} O-O {[%clk 0:01:27]} 14. Rfc1 {[%clk 0:01:26]} a6
{[%clk 0:01:20]} 15. c4 {[%clk 0:01:27]} bxc3 {[%clk 0:01:16]} 16. Rxc3
{[%clk 0:01:26]} Qd7 {[%clk 0:01:16]} 17. a3 {[%clk 0:00:57]} b5 {[%clk 0:01:08]}
18. Rc2 {[%clk 0:00:52]} Na5 {[%clk 0:01:05]} 19. Rac1 {[%clk 0:00:49]} Rxc2
{[%clk 0:00:55]} 20. Rxc2 {[%clk 0:00:50]} Rc8 {[%clk 0:00:56]} 21. h3
{[%clk 0:00:48]} Bh6 {[%clk 0:00:49]} 22. Ng4 {[%clk 0:00:15]} Nxg4
{[%clk 0:00:38]} 23. Bxg4 {[%clk 0:00:16]} e6 {[%clk 0:00:38]} 24. d5
{[%clk 0:00:13]} Nc4 {[%clk 0:00:30]} 25. Qc3 {[%clk 0:00:14]} Kf8 26. Qh8+ Ke7
27. Qf6+ 1-0

[Event "gorzyce wielkie"]
[Site "?"]
[Date "2020.02.08"]
[Round "4.4"]
[White "Rosik, Jakub"]
[Black "Michalski, Karol"]
[Result "1/2-1/2"]
[BlackElo "1946"]
[WhiteElo "1847"]
[LiveChessVersion "1.4.8"]

1. e4 {[%clk 0:03:03]} c5 {[%clk 0:03:03]} 2. d4 {[%clk 0:03:04]} cxd4
{[%clk 0:03:03]} 3. c3 {[%clk 0:03:05]} d3 {[%clk 0:02:59]} 4. Bxd3
{[%clk 0:03:06]} Nc6 {[%clk 0:02:59]} 5. c4 {[%clk 0:03:06]} g6 {[%clk 0:03:00]}
6. Nc3 {[%clk 0:03:07]} Bg7 {[%clk 0:03:01]} 7. Nge2 {[%clk 0:03:08]} d6
{[%clk 0:02:59]} 8. h3 {[%clk 0:03:07]} Ne5 {[%clk 0:02:54]} 9. Be3
{[%clk 0:03:04]} Nxd3+ {[%clk 0:02:54]} 10. Qxd3 {[%clk 0:03:05]} Be6
{[%clk 0:02:55]} 11. b3 {[%clk 0:02:59]} Nf6 {[%clk 0:02:49]} 12. Nd4
{[%clk 0:02:56]} Nd7 {[%clk 0:02:48]} 13. Nxe6 fxe6 {[%clk 0:02:49]} 14. O-O
{[%clk 0:02:45]} O-O {[%clk 0:02:46]} 15. Rac1 {[%clk 0:02:32]} Qa5
{[%clk 0:02:43]} 16. Qd2 {[%clk 0:02:17]} Qh5 {[%clk 0:02:35]} 17. f4
{[%clk 0:02:04]} Rf7 {[%clk 0:02:24]} 18. Nb5 {[%clk 0:01:50]} Nc5
{[%clk 0:02:16]} 19. Qc2 {[%clk 0:01:29]} a6 {[%clk 0:02:10]} 20. Nd4
{[%clk 0:01:19]} e5 {[%clk 0:02:05]} 21. Ne2 {[%clk 0:00:51]} Ne6
{[%clk 0:01:55]} 22. fxe5 {[%clk 0:00:31]} Bxe5 {[%clk 0:01:53]} 23. Rxf7
{[%clk 0:00:30]} Kxf7 {[%clk 0:01:54]} 24. Rf1+ {[%clk 0:00:30]} Kg8
{[%clk 0:01:55]} 25. Qd3 {[%clk 0:00:24]} Kg7 {[%clk 0:01:47]} 26. Nf4
{[%clk 0:00:13]} Bxf4 {[%clk 0:01:38]} 27. Bxf4 {[%clk 0:00:13]} Rf8
{[%clk 0:01:38]} 28. Be3 {[%clk 0:00:11]} Qe5 {[%clk 0:01:33]} 29. Rxf8
{[%clk 0:00:08]} Kxf8 {[%clk 0:01:30]} 30. Qd5 {[%clk 0:00:09]} Qxd5
{[%clk 0:01:10]} 31. exd5 {[%clk 0:00:10]} Nd8 {[%clk 0:01:09]} 32. Kf2
{[%clk 0:00:06]} e6 {[%clk 0:01:09]} 33. dxe6 {[%clk 0:00:07]} Nxe6
{[%clk 0:01:10]} 34. Kf3 {[%clk 0:00:08]} Ke7 {[%clk 0:01:09]} 35. Ke4
{[%clk 0:00:09]} Kd7 {[%clk 0:01:10]} 36. Kd5 {[%clk 0:00:10]} Nc7+
{[%clk 0:01:10]} 37. Ke4 {[%clk 0:00:10]} Kc6 {[%clk 0:01:10]} 38. b4
{[%clk 0:00:08]} b5 {[%clk 0:01:08]} 39. Kd3 {[%clk 0:00:06]} Ne6
{[%clk 0:01:09]} 40. a3 {[%clk 0:00:04]} bxc4+ 41. Kxc4 {[%clk 0:00:05]} d5+
{[%clk 0:01:05]} 42. Kd3 {[%clk 0:00:06]} Kb5 {[%clk 0:01:06]} 43. Bd4
{[%clk 0:00:05]} Ka4 {[%clk 0:01:07]} 44. Bb2 {[%clk 0:00:06]} Kb3
{[%clk 0:01:09]} 45. Bc1 {[%clk 0:00:08]} h5 {[%clk 0:01:04]} 46. h4
{[%clk 0:00:08]} Ka4 {[%clk 0:01:03]} 47. g3 {[%clk 0:00:09]} Kb3
{[%clk 0:01:04]} 48. Ke3 {[%clk 0:00:05]} Kc2 {[%clk 0:01:04]} 49. Bd2
{[%clk 0:00:06]} d4+ {[%clk 0:01:03]} 50. Ke2 {[%clk 0:00:07]} d3+
{[%clk 0:01:02]} 51. Ke3 {[%clk 0:00:08]} Nd4 {[%clk 0:01:03]} 52. Be1
{[%clk 0:00:04]} Nf5+ {[%clk 0:01:04]} 53. Kf4 {[%clk 0:00:04]} Kd1
{[%clk 0:01:02]} 54. Bc3 {[%clk 0:00:05]} Kc2 {[%clk 0:01:03]} 55. Be1
{[%clk 0:00:06]} Nd4 {[%clk 0:01:00]} 56. Ke3 {[%clk 0:00:06]} Nf5+
{[%clk 0:01:00]} 57. Kf4 {[%clk 0:00:07]} d2 {[%clk 0:00:58]} 58. Bxd2
{[%clk 0:00:08]} Kxd2 59. a4 Ke2 {[%clk 0:00:40]} 60. b5 {[%clk 0:00:11]} axb5
{[%clk 0:00:41]} 61. axb5 {[%clk 0:00:13]} Kf2 {[%clk 0:00:42]} 62. b6
{[%clk 0:00:13]} Nd6 {[%clk 0:00:43]} 63. Ke5 {[%clk 0:00:11]} Nb7
{[%clk 0:00:44]} 64. Kd5 {[%clk 0:00:09]} Kxg3 {[%clk 0:00:45]} 65. Kc6
{[%clk 0:00:10]} Na5+ {[%clk 0:00:45]} 66. Kb5 {[%clk 0:00:12]} Nb7
{[%clk 0:00:47]} 67. Kc6 {[%clk 0:00:13]} Na5+ {[%clk 0:00:07]} 68. Kb5
{[%clk 0:00:15]} Nb7 {[%clk 0:00:08]} 69. Kc6 {[%clk 0:00:16]} Na5+
{[%clk 0:00:06]} 70. Kb5 {[%clk 0:00:17]} Nb7 {[%clk 0:00:08]} 71. Kc6
{[%clk 0:00:18]} Na5+ {[%clk 0:00:04]} 72. Kb5 1/2-1/2

[Event "gorzyce wielkie"]
[Site "?"]
[Date "2020.02.08"]
[Round "4.6"]
[White "Banach, Szymon"]
[Black "Barwinska, Ewa"]
[Result "1-0"]
[BlackElo "1460"]
[WhiteElo "1912"]
[LiveChessVersion "1.4.8"]

1. d4 {[%clk 0:03:04]} d5 {[%clk 0:03:03]} 2. Bg5 {[%clk 0:03:04]} Nf6
{[%clk 0:03:01]} 3. e3 {[%clk 0:03:03]} h6 {[%clk 0:03:02]} 4. Bxf6
{[%clk 0:03:04]} exf6 {[%clk 0:03:03]} 5. Bd3 {[%clk 0:03:05]} Be6
{[%clk 0:02:57]} 6. Ne2 {[%clk 0:03:04]} c5 {[%clk 0:02:55]} 7. Nf4
{[%clk 0:03:04]} Qd7 {[%clk 0:02:45]} 8. c3 {[%clk 0:02:41]} c4 {[%clk 0:02:43]}
9. Bc2 {[%clk 0:02:42]} Bd6 {[%clk 0:02:43]} 10. Nh5 {[%clk 0:01:55]} O-O
{[%clk 0:02:38]} 11. h3 {[%clk 0:01:49]} Bf5 {[%clk 0:02:29]} 12. O-O
{[%clk 0:01:47]} Nc6 {[%clk 0:02:14]} 13. Nd2 {[%clk 0:01:37]} Rfe8
{[%clk 0:01:55]} 14. Nf3 {[%clk 0:01:37]} b5 {[%clk 0:01:33]} 15. a3
{[%clk 0:01:37]} a5 {[%clk 0:01:34]} 16. Nh4 {[%clk 0:01:37]} Bxh3
{[%clk 0:01:13]} 17. Qf3 {[%clk 0:01:13]} Be6 {[%clk 0:01:08]} 18. Nf5
{[%clk 0:00:57]} Bxf5 {[%clk 0:00:50]} 19. Bxf5 {[%clk 0:00:57]} Qd8
{[%clk 0:00:51]} 20. Qg4 {[%clk 0:00:53]} Bf8 {[%clk 0:00:45]} 21. Bd7
{[%clk 0:00:42]} Re4 {[%clk 0:00:45]} 22. Qh3 {[%clk 0:00:20]} Ne7
{[%clk 0:00:33]} 23. Bg4 {[%clk 0:00:16]} Ng6 {[%clk 0:00:30]} 24. Bf5
{[%clk 0:00:14]} Re8 {[%clk 0:00:28]} 25. Qg4 {[%clk 0:00:15]} Qe7
{[%clk 0:00:12]} 26. Bxg6 {[%clk 0:00:15]} fxg6 {[%clk 0:00:13]} 27. Qxg6
{[%clk 0:00:16]} Qf7 {[%clk 0:00:14]} 28. Qg4 {[%clk 0:00:17]} f5
{[%clk 0:00:13]} 29. Qf3 {[%clk 0:00:18]} Bd6 {[%clk 0:00:10]} 30. Nf4
{[%clk 0:00:19]} Bxf4 {[%clk 0:00:11]} 31. Qxf4 {[%clk 0:00:21]} Rab8
{[%clk 0:00:08]} 32. a4 {[%clk 0:00:20]} b4 {[%clk 0:00:09]} 33. Rfb1
{[%clk 0:00:21]} bxc3 {[%clk 0:00:07]} 34. bxc3 {[%clk 0:00:22]} Rxb1+ 35. Rxb1
Qd7 {[%clk 0:00:08]} 36. Rb5 {[%clk 0:00:22]} Qe6 {[%clk 0:00:05]} 37. Qc7
{[%clk 0:00:22]} Kh8 {[%clk 0:00:04]} 38. Rb7 {[%clk 0:00:23]} Rg8
{[%clk 0:00:05]} 39. Qxa5 {[%clk 0:00:24]} Qc6 {[%clk 0:00:05]} 40. Qb5
{[%clk 0:00:24]} Qd6 {[%clk 0:00:05]} 41. Rb6 {[%clk 0:00:24]} Qa3
{[%clk 0:00:06]} 42. a5 {[%clk 0:00:13]} Qc1+ {[%clk 0:00:06]} 43. Kh2
{[%clk 0:00:13]} Qe1 {[%clk 0:00:06]} 44. Qb2 {[%clk 0:00:13]} Qf1
{[%clk 0:00:05]} 45. a6 {[%clk 0:00:13]} Qe2 {[%clk 0:00:04]} 46. Qxe2
{[%clk 0:00:14]} 1-0

[Event "gorzyce wielkie"]
[Site "?"]
[Date "2020.02.08"]
[Round "4.7"]
[White "Chmielarz, Maciej"]
[Black "Maslinski, Piotr"]
[Result "1-0"]
[BlackElo "1450"]
[WhiteElo "1883"]
[LiveChessVersion "1.4.8"]

1. d4 {[%clk 0:03:02]} d5 {[%clk 0:03:02]} 2. c4 {[%clk 0:03:02]} c6
{[%clk 0:02:55]} 3. cxd5 {[%clk 0:03:03]} cxd5 {[%clk 0:02:55]} 4. Nc3
{[%clk 0:03:04]} g6 {[%clk 0:02:54]} 5. Nf3 {[%clk 0:03:01]} Bg7 {[%clk 0:02:55]}
6. Bf4 {[%clk 0:03:00]} Nf6 {[%clk 0:02:51]} 7. e3 {[%clk 0:03:00]} a6
{[%clk 0:02:45]} 8. Rc1 {[%clk 0:02:54]} Nbd7 {[%clk 0:02:32]} 9. Qb3
{[%clk 0:02:46]} e6 {[%clk 0:02:24]} 10. Bd6 {[%clk 0:02:19]} Bf8
{[%clk 0:02:05]} 11. Bxf8 {[%clk 0:02:11]} Kxf8 {[%clk 0:02:06]} 12. Na4
{[%clk 0:01:41]} b5 {[%clk 0:02:06]} 13. Nc5 {[%clk 0:01:41]} Nb6
{[%clk 0:01:58]} 14. Qb4 {[%clk 0:01:28]} Kg7 {[%clk 0:01:59]} 15. b3
{[%clk 0:01:24]} Nbd7 {[%clk 0:01:55]} 16. Bd3 {[%clk 0:01:17]} Nxc5
{[%clk 0:01:52]} 17. dxc5 {[%clk 0:01:18]} Qc7 {[%clk 0:01:42]} 18. Qd4
{[%clk 0:01:13]} Re8 {[%clk 0:01:38]} 19. Ne5 {[%clk 0:01:12]} Ra7
{[%clk 0:01:20]} 20. g4 {[%clk 0:01:02]} h6 {[%clk 0:01:17]} 21. h4
{[%clk 0:01:01]} Qa5+ {[%clk 0:01:13]} 22. Kf1 {[%clk 0:00:55]} Qxa2
{[%clk 0:01:14]} 23. g5 {[%clk 0:00:46]} Nh5 {[%clk 0:01:02]} 24. Nc6+
{[%clk 0:00:30]} Kh7 {[%clk 0:00:46]} 25. Nxa7 {[%clk 0:00:29]} Qd2
{[%clk 0:00:32]} 26. Qc3 {[%clk 0:00:21]} Qa2 {[%clk 0:00:27]} 27. Ra1
{[%clk 0:00:19]} b4 {[%clk 0:00:19]} 28. Rxa2 {[%clk 0:00:13]} bxc3
{[%clk 0:00:19]} 29. c6 {[%clk 0:00:06]} Ng7 {[%clk 0:00:13]} 30. Bxa6
{[%clk 0:00:06]} Nf5 {[%clk 0:00:11]} 31. Bxc8 {[%clk 0:00:06]} Rxc8
{[%clk 0:00:12]} 32. Nxc8 {[%clk 0:00:07]} 1-0

[Event "gorzyce wielkie"]
[Site "?"]
[Date "2020.02.08"]
[Round "4.8"]
[White "Pieczewski, Szymon"]
[Black "Pera, Adam"]
[Result "0-1"]
[BlackElo "1840"]
[WhiteElo "1542"]
[LiveChessVersion "1.4.8"]

1. e4 {[%clk 0:03:02]} c6 {[%clk 0:03:04]} 2. d4 {[%clk 0:03:02]} d5
{[%clk 0:03:05]} 3. e5 {[%clk 0:03:03]} Bf5 {[%clk 0:03:06]} 4. g4
{[%clk 0:03:04]} Bg6 {[%clk 0:03:07]} 5. e6 {[%clk 0:03:05]} Qd6 {[%clk 0:03:08]}
6. exf7+ {[%clk 0:03:04]} Bxf7 {[%clk 0:03:08]} 7. Ne2 {[%clk 0:02:54]} e6
{[%clk 0:02:32]} 8. Bf4 {[%clk 0:02:54]} Qb4+ {[%clk 0:02:33]} 9. Nbc3
{[%clk 0:02:45]} Nf6 {[%clk 0:02:22]} 10. a3 {[%clk 0:02:42]} Qxb2
{[%clk 0:01:27]} 11. Rb1 {[%clk 0:02:43]} Qxa3 {[%clk 0:01:28]} 12. Rxb7
{[%clk 0:02:43]} Bb4 {[%clk 0:01:10]} 13. Bd2 {[%clk 0:02:27]} O-O
{[%clk 0:00:50]} 14. f3 {[%clk 0:01:48]} a5 {[%clk 0:00:40]} 15. Nb1
{[%clk 0:01:38]} Bxd2+ {[%clk 0:00:38]} 16. Qxd2 {[%clk 0:01:38]} Qd6
{[%clk 0:00:30]} 17. Ng3 {[%clk 0:01:27]} a4 {[%clk 0:00:20]} 18. c4
{[%clk 0:01:20]} dxc4 {[%clk 0:00:09]} 19. Bxc4 {[%clk 0:01:21]} e5
{[%clk 0:00:08]} 20. Bxf7+ {[%clk 0:01:18]} Rxf7 {[%clk 0:00:09]} 21. Rxf7
{[%clk 0:01:19]} Kxf7 {[%clk 0:00:10]} 22. Qa2+ {[%clk 0:01:18]} Qe6
{[%clk 0:00:10]} 23. Nc3 {[%clk 0:01:12]} exd4+ {[%clk 0:00:07]} 24. Qxe6+
{[%clk 0:01:12]} Kxe6 {[%clk 0:00:08]} 25. Na2 {[%clk 0:01:13]} c5
{[%clk 0:00:08]} 26. Kd2 {[%clk 0:01:13]} Nc6 {[%clk 0:00:09]} 27. Re1+
{[%clk 0:01:13]} Kf7 {[%clk 0:00:10]} 28. Nf5 {[%clk 0:01:14]} Ra7
{[%clk 0:00:10]} 29. Nd6+ {[%clk 0:01:14]} Kg6 {[%clk 0:00:09]} 30. h4
{[%clk 0:01:14]} h6 {[%clk 0:00:10]} 31. h5+ {[%clk 0:01:08]} Kh7
{[%clk 0:00:11]} 32. Nc8 {[%clk 0:00:58]} Ra6 {[%clk 0:00:09]} 33. Re6
{[%clk 0:00:55]} Nb4 {[%clk 0:00:06]} 34. Rxa6 {[%clk 0:00:53]} Nxa6
{[%clk 0:00:07]} 35. Kd3 {[%clk 0:00:53]} g6 {[%clk 0:00:06]} 36. hxg6+
{[%clk 0:00:53]} Kxg6 {[%clk 0:00:07]} 37. Ne7+ {[%clk 0:00:54]} Kg5
{[%clk 0:00:09]} 38. Kc4 {[%clk 0:00:53]} Kf4 {[%clk 0:00:10]} 39. Kb5
{[%clk 0:00:51]} Nb4 {[%clk 0:00:10]} 40. Nxb4 {[%clk 0:00:41]} cxb4
{[%clk 0:00:11]} 41. Kxb4 {[%clk 0:00:40]} d3 {[%clk 0:00:12]} 42. Kc3
{[%clk 0:00:19]} a3 {[%clk 0:00:13]} 43. Nc6 {[%clk 0:00:18]} a2 {[%clk 0:00:13]}
44. Kb2 {[%clk 0:00:19]} d2 {[%clk 0:00:14]} 0-1